| 000 | 00959nam a22002657a 4500 | ||
|---|---|---|---|
| 999 |
_c9937 _d9937 |
||
| 003 | AR-CdUCM | ||
| 008 | 190328b ||||| |||| 00| 0 spa d | ||
| 020 | _a978-607-618-377-9 | ||
| 040 |
_aMUNICIPALIDAD PROVINCIAL DEL CUSCO _cBIBLIOTECA MUNICIPAL DEL CUSCO |
||
| 041 | _hspa | ||
| 082 |
_aEP / 803.08 _bP26 |
||
| 100 |
_aLos hermanos Grimm _926489 |
||
| 245 |
_aLos músicos viajeros : _by otras historias disparatadas / |
||
| 260 |
_aMéxico : _bSilver Dolphin, _c2015. |
||
| 300 |
_a40 páginas ; _bIlustraciones a color, _c22 cm. |
||
| 500 | _aTítulo original: The traveling musicians | ||
| 505 | _aContenido: Las tres solteronas -- La sopa de piedra --El duende goloso -- Los músicos viajeros. | ||
| 650 |
_aNarrativa _967 |
||
| 650 |
_acuentos infantiles _926201 |
||
| 700 |
_aForbush, Byron _926490 |
||
| 700 |
_aParker, Vic (Compilador) _926203 |
||
| 700 |
_aCaballero, Samantha (Traductora) _926224 |
||
| 942 |
_2ddc _cLIBROS |
||
| 945 | _araen | ||